[Event "Voronezh op-B 23rd"]
[Site "Voronezh"]
[Date "2019.06.20"]
[Round "9"]
[White "Ershova, Sofya"]
[Black "Nesterov, Andrey"]
[Result "0-1"]
[WhiteElo "1798"]
[BlackElo "2030"]
[PlyCount "96"]
[EventDate "2019.06.12"]
[EventType "swiss"]
[EventRounds "9"]
[EventCountry "RUS"]
[SourceTitle "EXT 2020"]
[Source "ChessBase"]
[SourceDate "2019.10.17"]
[SourceVersion "1"]
[SourceVersionDate "2019.10.17"]
[SourceQuality "1"]

1. e4 c5 2. c3 Nc6 3. d4 cxd4 4. cxd4 d5 5. e5 Qb6 6. Ne2 Bf5 7. a3 e6 8. Nbc3 Nge7 9. Na4 Qc7 10. Be3 Nc8 11. Nf4 Nb6 12. Nxb6 Qxb6 13. g4 Be4 14. f3 Bxf3 15. Qxf3 Qxb2 16. Qd1 Bxa3 17. Ne2 Qb4+ 18. Bd2 Qe7 19. Qb3 Bb4 20. Bxb4 Nxb4 21. Qa4+ Nc6 22. Ng3 0-0 23. Bb5 Rac8 24. 0-0 a6 25. Be2 b5 26. Qxa6 Nxd4 27. Rac1 Rxc1 28. Rxc1 Qg5 29. Rc8 Nxe2+ 30. Nxe2 Qxg4+ 31. Ng3 Qd4+ 32. Kg2 Qxe5 33. Rxf8+ Kxf8 34. Qxb5 g6 35. Qb4+ Kg7 36. Qd2 h5 37. Qb4 d4 38. Qb7 h4 39. Qe4 Qxe4+ 40. Nxe4 f6 41. Kf3 g5 42. Nd6 f5 43. Nb5 e5 44. Nd6 e4+ 45. Kf2 Kf6 46. Nb5 Ke5 47. Na3 e3+ 48. Ke2 Ke4 0-1